Teatro breve hispanoamericano contemporáneo / (Record no. 128878)

MARC details
000 -LEADER
campo de control de longitud fija 01342nam a2200217 i 4500
001 - NÚMERO DE CONTROL
campo de control 128878
003 - IDENTIFICADOR DE NÚMERO DE CONTROL
campo de control ES-MaACL
005 - FECHA Y HORA DE LA ÚLTIMA TRANSACCIÓN
campo de control 20250824075105.0
007 - CAMPO FIJO DE DESCRIPCIÓN FÍSICA--INFORMACIÓN GENERAL
campo de control de longitud fija t|
008 - DATOS DE LONGITUD FIJA--INFORMACIÓN GENERAL
campo de control de longitud fija 070529s1970 sp a 0011d spa d
245 00 - MENCIÓN DEL TÍTULO
Título Teatro breve hispanoamericano contemporáneo /
Mención de responsabilidad, etc. selección, prólogo y notas por Carlos Solórzano.
260 ## - PUBLICACIÓN, DISTRIBUCIÓN, ETC.
Lugar de publicación, distribución, etc. [Madrid] :
Nombre del editor, distribuidor, etc. Aguilar,
Fecha de publicación, distribución, etc. [1970]
300 ## - DESCRIPCIÓN FÍSICA
Extensión 362 p. :
Otras características físicas il. ;
Dimensiones 20 cm.
490 1# - MENCIÓN DE SERIE
Mención de serie Teatro contemporáneo
505 0# - NOTA DE CONTENIDO CON FORMATO
Nota de contenido con formato Historia del hombre que se convirtió en perro / Oswaldo Dragún. El apuntador / Carlos Maggi. Historia de un número / Josefina Pla. La campana / Julio Ortega. Las sobras para el gusano / Francisco Tobar-García. Las pinzas / Román Chalbaud. Remington 22 / Gustavo Andrade Rivera. Estudio en blanco y negro / Virgilio Piñero. Un cuento de hadas / Francisco Arriví. Fábula de los cinco caminantes / Iván García. Segundo asalto / José de Jesús Martínez. Algo más que dos sueños / Alberto Cañas. Ancestral 66 / Alberto Icaza. El circo y otras piezas falsas / Álvaro Méndez Desleal. Los fantoches / Carlos Solórzano. La señora en su balcón / Elena Garro
650 14 - PUNTO DE ACCESO ADICIONAL DE MATERIA--TÉRMINO DE MATERIA
Término de materia o nombre geográfico como elemento de entrada Teatro hispanoamericano-
Subdivisión cronológica S.XX.
9 (RLIN) 17370
700 1# - ENTRADA AGREGADA--NOMBRE PERSONAL
Nombre de persona Solórzano, Carlos.
9 (RLIN) 107241
830 10 - PUNTO DE ACCESO ADICIONAL DE SERIE-TÍTULO UNIFORME
Título uniforme Teatro contemporáneo (Aguilar)
9 (RLIN) 186750
852 ## - LOCALIZACIÓN
Ubicación ES-MaACL
Número de control de estantería C-39999
Holdings
Estatus retirado Estado de pérdida Estado de daño No para préstamo Biblioteca de origen Biblioteca actual Ubicación en estantería Fecha de adquisición Fuente de adquisición Total de préstamos Signatura topográfica completa Código de barras Visto por última vez Precio de reemplazo Tipo de ítem Koha
        Biblioteca del Ateneo de Madrid Biblioteca del Ateneo de Madrid Depósito 2 17/01/2008     C-39999 1134213 23/02/2023 23/02/2023 Libro impreso